00441nam a2200121Ia 4500008004100000082001500041100001500056245006900071260003300140300000800173630006900181730006900250100122s9999 xx 000 0 und d b29487a320 aKAPLAN M A aISOLATION OR INTERDEPENDENCE? TODAYS CHOICES FOR TOMORROWS WORLD bDREAMLAND PUBLICATIONSc1905 a254 aISOLATION OR INTERDEPENDENCE? TODAYS CHOICES FOR TOMORROWS WORLD aISOLATION OR INTERDEPENDENCE? TODAYS CHOICES FOR TOMORROWS WORLD